The iron triangle : Inside the secret world of the Carlyle Group
In The Iron Triangle, journalist Dan Briody examines a company at the nexus of big business, government, and defense that, according to some sources, epitomizes corporate cronyism, conflicts of interest, and war profiteering. This fascinating examination leads readers into a w orld that few can imag...
Tallennettuna:
| Päätekijä: | |
|---|---|
| Aineistotyyppi: | Kirja |
| Kieli: | Undetermined |
| Julkaistu: |
New York
John Wiley & Sons, Inc.
2003
|
| Aiheet: | |
| Tagit: |
Lisää tagi
Ei tageja, Lisää ensimmäinen tagi!
|
| Thư viện lưu trữ: | Trung tâm Học liệu Trường Đại học Cần Thơ |
|---|
| LEADER | 01206nam a2200253Ia 4500 | ||
|---|---|---|---|
| 001 | CTU_136333 | ||
| 008 | 210402s9999 xx 000 0 und d | ||
| 020 | |c 24.95 | ||
| 082 | |a 332.6 | ||
| 082 | |b B858 | ||
| 100 | |a Briody, Dan | ||
| 245 | 4 | |a The iron triangle : | |
| 245 | 0 | |b Inside the secret world of the Carlyle Group | |
| 245 | 0 | |c Dan Briody | |
| 260 | |a New York | ||
| 260 | |b John Wiley & Sons, Inc. | ||
| 260 | |c 2003 | ||
| 520 | |a In The Iron Triangle, journalist Dan Briody examines a company at the nexus of big business, government, and defense that, according to some sources, epitomizes corporate cronyism, conflicts of interest, and war profiteering. This fascinating examination leads readers into a w orld that few can imagine-full of clandestine meetings, quid pro quo deals, bitter ironies, and pettyjealousies. And the cast of characters includes some of the most powerful men in the world. Strap in, because this ride could get a little bumpy. | ||
| 650 | |a Nước Mỹ,Business and politics | ||
| 650 | |x Chính trị và chính phủ | ||
| 650 | |y 2001- | ||
| 650 | |z United States | ||
| 904 | |i Giang | ||
| 980 | |a Trung tâm Học liệu Trường Đại học Cần Thơ | ||